000 00516nam a2200145Ia 4500
008 181022s9999 xx 000 0 und d
020 _a9789719811039
100 _aGo-Monilla, Ma. Joycelyn A.
245 _cJoycelyn A. Go-Monilla, Normaliza C. Ramirez.--
_aUnderstanding the self /
260 _aQuezon City :
_bC & E publishing, Inc.
_c2018
300 _axiii, 250 pages :
_billustrations ;
_c22 cm.
500 _aIncludes bibliographical references and index.
650 _aHuman behavior.
650 _aPsychology.
999 _c359250
_d359250